000 01025nam a2200265Ia 4500
003 OSt
005 20220923211455.0
006 a|||||r|||| 00| 0
007 ta
008 220922b |||||||| |||| 00| 0 hin d
020 _a9789350728376 (hbk)
_c595
024 _a348,614
037 _bGV791, 21/02/2019, Vani Prakashan
_cTextual
040 _aARTS
_cARTS
_bhin
041 _2hin
_ahin
082 _aO152:g(Y5927), Q6
100 _aकोवप्रत, प्रमोद, संपा.
245 0 _aहिन्दी दलित साहित्य
_b एक मूल्यांकन
246 _aHindī dalit sāhitya: ek mūlyāankana
260 _aनयी दिल्ली
_b वाणी प्रकाशन
_c2018
300 _a200पृ.
_ccm.
650 _aहिन्दी साहित्य
_9156264
942 _hO152:g(Y5927), Q6
_cTEXL
_2CC
999 _c299890
_d299890